00372 a2200157 4500001000700000020001800007040002200025041001600047082002300063100003200086245003200118260003100150300000700181362001300188490001300201133465 a85-16-02260-9 cLeonardo Da Vinci aPortuguês a573.2 R616tbR616t aRODRIGUES, Rosicler Martins aA transformação da vida bModernac1995aSão Paulo a72 a19950000 aDesafios